| 000 | 01200nam a22002057a 4500 | ||
|---|---|---|---|
| 005 | 20220106115934.0 | ||
| 008 | 220106b ||||| |||| 00| 0 eng d | ||
| 020 | _a9788193503300 | ||
| 040 | _cAL | ||
| 041 | _aeng | ||
| 082 |
_223 _a820.33 _bMISD |
||
| 100 |
_aKevin Missal _912593 |
||
| 245 |
_aDharmayoddha kalki _bAvatar of vishnu |
||
| 260 |
_aNew DelhiFinger Print _bFinger Print _c2018 |
||
| 300 |
_a463p _bPB _c19.5x13cm. |
||
| 365 |
_a4477 _b₹233.22 _c₹ _d₹299.00 _e22% |
||
| 520 | _aBorn in the quiet village of Shambala, Kalki Hari, son of Vishnuyath and Sumati, has no idea about his heritage until he is pitted against tragedies and battles.Whisked into the province of Keekatpur, which is under the fist of Lord Kali, Kalki sees the ignominy of death trumping life all around him. He learns that he has been born to cleanse the world he lives in for which he must journey to the North and learn the ways of Lord Vishnu’s Avatar; from an immortal who wields an axe.But trapped in the midst of betrayals political intrigue and forces that seek to decimate him, will he be able to follow his destiny before the Kaliyug begins? | ||
| 650 |
_aLiterature _912594 |
||
| 942 |
_2ddc _cBK |
||
| 999 |
_c221099 _d221099 |
||